00706nam a2200193 i 450000100060000000300090000600500170001500700030003200800410003510000310007624501020010726000430020930000220025265000400027470000370031485200220035199900170037395201220039025015ES-MaACL20250902070711.0t|021219s1971 sp ||||1| spa d1 aAppley, Lawrence A.92211813aEl nuevo concepto del management / cpor Lawrence A. Appley ; traducido por José María Saenz. aMadrid : bIbérico Europea, c[1971] a210 p. ; c22 cm.07aGestión de empresas2embne9122101 aSáenz, José María.9183050 aES-MaACLjC-48277 c25015d25015 00104070aATENEOMbATENEOMcDEPO2d2008-01-17eSCl0oC-48277p1025792r2023-02-23 00:00:00w2023-02-23yMONOGRAFIA